POROVNANIE ANALÝZY MIKROŠTRUKTÚRY ŠKRUPINY VAJEC EMU (DROMAIUS NOVAEHOLLANDIAE) A PŠTROSA (STRUTHIO CAMELUS)

Bibliographic Details
Main Authors: Szczerbińska, Danuta (Author), Dańczak, Alicja (Author)
Format: Article
Language:Slovak
ISBN:8071377821

MARC

LEADER 00000naa a2200000uu 4500
001 vtls011041699
003 SK-MaSNL
005 20260302120303.0
008 210904|2000 xo |||||||||||||||||slo|
015 |a SNBRA 
035 |a (urnnbn)urn:nbn:sk:snk:ar-008yue 
035 |a (uuid)7c3ac8b5-8e8f-4c92-a21d-2b8a604f386c 
035 |a urn:nbn:sk:snk-aauua1 
040 |a SNKBUCL  |b slo  |c SNKBUCL  |e AACR2 
041 0 |a slo 
044 |a xo  |c SK 
100 1 |a Szczerbińska, Danuta  |4 aut  |9 800685 
245 1 0 |a POROVNANIE ANALÝZY MIKROŠTRUKTÚRY ŠKRUPINY VAJEC EMU (DROMAIUS NOVAEHOLLANDIAE) A PŠTROSA (STRUTHIO CAMELUS)  |c Danuta Szczerbińska, Alicja Dańczak 
700 1 |a Dańczak, Alicja  |4 aut  |9 800686 
773 0 |t Aktuálne problémy v chove pštrosov  |d V Nitre : Slovenská poľnohospodárska univerzita, 2000  |g S. 85-90  |z 8071377821 
958 |a OND 
958 |a article12 
958 |a chapter 
999 |c 1268913  |d 1270843